000 00273nam a22001097a 4500
008 160504b xxu||||| |||| 00| 0 eng d
020 _a9781932328349
041 _aeng
080 _a64
245 _aKompengium of selected publications:
_cPractice Bulletins;
942 _2udc
_cBK
999 _c1760
_d1760